000 00475nam a2200181Ia 4500
005 20250508150724.0
008 008 250505s9999 xx 000 0 eng d
037 _aTextual
040 _aFEDL
_beng
_cFEDL
041 _aeng
_2eng
084 _a520, EVA
_qFEDL
100 _aEvans David S
245 0 _aFrontiers of astronomy
260 _aLondon, UK
_bSigma Books Limited
_c1946
300 _a175p.
942 _cTEXL
_h520, EVA
999 _c1325266
_d1325266